[Event "Championnat de France des Jeunes - Pupi"]
[Site "LA ROCHE SUR YON"]
[Date "2008.04.27"]
[Round "9.14"]
[White "Beau, Pierre"]
[Black "Messinger, Karl"]
[Result "1-0"]
[WhiteElo "1640"]
[BlackElo "1715"]
[Annotator "Salaun,Michel"]
[PlyCount "53"]
[EventDate "2008.04.24"]
[EventType "swiss"]
[EventRounds "6"]
[EventCountry "FRA"]

1. e4 c5 2. Nf3 Nc6 3. d4 cxd4 4. Nxd4 g6 5. Nc3 Bg7 6. Be3 Nf6 7. Bc4 O-O 8.
f3 Qb6 9. Qd2 Qxb2 10. Rb1 Qa3 11. h4 Nxd4 12. Bxd4 Qa5 13. Rb5 Qc7 14. Bf1 Nh5
15. Rxh5 Bxd4 16. Qxd4 gxh5 17. Nd5 Qg3+ 18. Kd2 Re8 19. Rh3 Qd6 20. e5 Qh6+
21. Kd1 Qe6 22. Bc4 Qg6 23. Qf4 Kh8 24. Rg3 Qc6 25. Nc7 Rg8 26. Rxg8+ Kxg8 27.
Qxf7+ 1-0

[Event "Championnat de France des Jeunes - Pupi"]
[Site "LA ROCHE SUR YON"]
[Date "2008.04.27"]
[Round "9.15"]
[White "Sarafian, Thomas"]
[Black "Bach, Anatole"]
[Result "1-0"]
[WhiteElo "1830"]
[BlackElo "1660"]
[Annotator "Salaun,Michel"]
[PlyCount "49"]
[EventDate "2008.04.24"]
[EventType "swiss"]
[EventRounds "6"]
[EventCountry "FRA"]

1. e4 c5 2. Nf3 Nc6 3. d4 cxd4 4. Nxd4 g6 5. c4 Bg7 6. Be3 Nf6 7. Nc3 O-O 8.
Be2 d6 9. f3 Qb6 10. Nxc6 Qxc6 11. O-O Nd7 12. Nd5 Re8 13. b4 b6 14. b5 Qb7 15.
Rc1 Nc5 16. Bd4 Bxd4+ 17. Qxd4 Bd7 18. f4 Qc8 19. Rc3 Na4 20. Ra3 Nc5 21. f5
Qd8 22. f6 e5 23. Qe3 Ne6 24. Qh6 Kh8 25. Rh3 1-0

[Event "Championnat de France des Jeunes - Pupi"]
[Site "LA ROCHE SUR YON"]
[Date "2008.04.27"]
[Round "9.13"]
[White "Bourgeois, Florian"]
[Black "Venard, Paul-Andre"]
[Result "0-1"]
[WhiteElo "1733"]
[BlackElo "1630"]
[Annotator "Salaun,Michel"]
[PlyCount "40"]
[EventDate "2008.04.24"]
[EventType "swiss"]
[EventRounds "6"]
[EventCountry "FRA"]

1. e4 c5 2. Nf3 g6 3. d4 cxd4 4. Qxd4 Nf6 5. c4 Nc6 6. Qe3 Bg7 7. Nc3 O-O 8.
Bd3 d6 9. Qd2 Be6 10. b3 Qa5 11. Bb2 Rfc8 12. a3 Nd7 13. b4 Qc7 14. Nd5 Bxd5
15. cxd5 Bxb2 16. Qxb2 Nce5 17. Be2 Nxf3+ 18. Bxf3 Qc2 19. Qd4 Ne5 20. Qd1 Nd3+
0-1

[Event "Championnat de France des Jeunes - Benj"]
[Site "LA ROCHE SUR YON"]
[Date "2008.04.20"]
[Round "1.13"]
[White "Roubaud, Alexandre"]
[Black "Dumas, Victor"]
[Result "1-0"]
[WhiteElo "1949"]
[BlackElo "1746"]
[Annotator "Salaun,Michel"]
[PlyCount "145"]
[EventDate "2008.04.23"]
[EventType "swiss"]
[EventRounds "5"]
[EventCountry "FRA"]

1. e4 e5 2. Nf3 Nc6 3. d4 exd4 4. Nxd4 Bc5 5. Be3 Qf6 6. c3 Nge7 7. Bc4 O-O 8.
O-O a6 9. Kh1 Ne5 10. Be2 d5 11. f4 N5g6 12. Nd2 Ba7 13. e5 Qb6 14. N2b3 c5 15.
Nc2 Qc7 16. Bf3 Rd8 17. Qd2 Rb8 18. Rad1 b5 19. Qf2 Bf5 20. Ne1 Rbc8 21. g4 Bd7
22. h4 a5 23. h5 Nf8 24. f5 Qxe5 25. Nd3 Qc7 26. Nbxc5 Bxc5 27. Bxc5 Bc6 28.
Rfe1 Re8 29. Kg1 Rcd8 30. Bb6 Qd6 31. Bxd8 Rxd8 32. Qh2 Qd7 33. Ne5 Qa7+ 34.
Kh1 Qc5 35. Qd2 Ba8 36. h6 g6 37. Qd4 Qxd4 38. Rxd4 gxf5 39. gxf5 Nxf5 40. Rg1+
Ng6 41. Rf4 Nxh6 42. Bh5 Kg7 43. Rf2 d4+ 44. Bf3 Bxf3+ 45. Rxf3 dxc3 46. Rxc3
Rd5 47. Nc6 b4 48. Rc2 Nf5 49. Re2 Kf6 50. Rf2 h5 51. Rgf1 Kg5 52. Rg1+ Kh6 53.
Kh2 f6 54. Re1 Ngh4 55. Ne7 Nxe7 56. Rxe7 Kg6 57. Re1 Rg5 58. Re6 Nf5 59. Ra6
h4 60. Rxa5 Ng3 61. Rxg5+ fxg5 62. Rf3 Nf5 63. Rb3 g4 64. Rxb4 Kg5 65. a4 Ne3
66. a5 h3 67. a6 Nf1+ 68. Kg1 h2+ 69. Kg2 g3 70. a7 Ne3+ 71. Kh1 Nd1 72. Rb5+
Kg4 73. Kg2 {Temps ? 73. ... Cf2 ou Ce3 =} 1-0

[Event "Championnat de France des Jeunes - Benj"]
[Site "LA ROCHE SUR YON"]
[Date "2008.04.20"]
[Round "1.12"]
[White "Hallope, Arnaud"]
[Black "Muheim, Sebastien"]
[Result "1-0"]
[WhiteElo "1755"]
[BlackElo "1972"]
[Annotator "Salaun,Michel"]
[PlyCount "91"]
[EventDate "2008.04.23"]
[EventType "swiss"]
[EventRounds "5"]
[EventCountry "FRA"]

1. e4 c5 2. c3 Nf6 3. e5 Nd5 4. Nf3 e6 5. Bc4 Nb6 6. Bb3 d6 7. d4 cxd4 8. cxd4
Bd7 9. O-O Bc6 10. Bf4 Be7 11. Nc3 d5 12. Qd3 N8d7 13. Rfe1 Nf8 14. h3 g5 15.
Bh2 Ng6 16. Ne2 h5 17. g4 Kd7 18. a3 hxg4 19. hxg4 Rh3 20. Bg3 Qh8 21. Kg2 Qh7
22. Bc2 Rh8 23. Rg1 a6 24. Qb3 Bb5 25. Nc3 Rh2+ 26. Nxh2 Nf4+ 27. Kh1 Nd3 28.
Nxb5 Nxf2+ 29. Kg2 Ne4 30. Bxe4 Qxe4+ 31. Qf3 Qc2+ 32. Bf2 axb5 33. Rac1 Qxb2
34. Qxf7 Nc4 35. Rb1 Qe2 36. Rge1 Qd3 37. Bg3 Ne3+ 38. Kg1 Qxd4 39. Bf2 Qxe5
40. Nf3 Qe4 41. Rb4 Qc2 42. Rxe3 Rf8 43. Qxe6+ Kc7 44. Qxe7+ Kb8 45. Qxf8+ Ka7
46. Rc3+ 1-0

[Event "Championnat de France des Jeunes - Benj"]
[Site "LA ROCHE SUR YON"]
[Date "2008.04.20"]
[Round "1.14"]
[White "Wurtz, Guillaume"]
[Black "Cabanes, Kim"]
[Result "0-1"]
[WhiteElo "1740"]
[BlackElo "1939"]
[Annotator "Salaun,Michel"]
[PlyCount "74"]
[EventDate "2008.04.23"]
[EventType "swiss"]
[EventRounds "5"]
[EventCountry "FRA"]

1. e4 c6 2. d4 d5 3. exd5 cxd5 4. c4 Nc6 5. Nc3 Nf6 6. Bf4 e6 7. c5 Be7 8. Bb5
Bd7 9. Bxc6 Bxc6 10. Nf3 O-O 11. O-O b6 12. b4 bxc5 13. bxc5 Nd7 14. Re1 Bf6
15. Rb1 Nxc5 16. Ne5 Bxe5 17. Bxe5 Nd7 18. Bf4 Qf6 19. Ne2 Rfe8 20. Bg3 Qf5 21.
h3 f6 22. Qc1 Rac8 23. Qa3 e5 24. Qxa7 Ra8 25. Qc7 Rec8 26. Qd6 Rxa2 27. Rbc1
Ra6 28. Bh2 e4 29. Nc3 Bb7 30. Qe7 Rac6 31. g4 Qe6 32. Qb4 Rb6 33. Qa5 Ra8 34.
Qxa8+ Bxa8 35. Na4 Rc6 36. Ra1 Bb7 37. Reb1 Ba6 0-1

[Event "Championnat de France des Jeunes - Pupi"]
[Site "LA ROCHE SUR YON"]
[Date "2008.04.21"]
[Round "2.13"]
[White "Bigonnet, Jean-Michel"]
[Black "Labat, Axel"]
[Result "1-0"]
[WhiteElo "1755"]
[BlackElo "1510"]
[Annotator "Salaun,Michel"]
[PlyCount "125"]
[EventDate "2008.04.24"]
[EventType "swiss"]
[EventRounds "6"]
[EventCountry "FRA"]

1. e4 e6 2. d4 d5 3. exd5 exd5 4. Bd3 Nc6 5. c3 Nf6 6. Nf3 Bg4 7. O-O Bd6 8.
Re1+ Be7 9. Bg5 O-O 10. Nbd2 Re8 11. Qc2 h6 12. Bh4 Qc8 13. Bg3 Qd7 14. Bb5 Bf5
15. Qc1 a6 16. Ne5 Qc8 17. Nxc6 Bf8 18. Bxa6 Rxa6 19. Rxe8 Qxe8 20. Ne5 Bd6 21.
Qe1 Bf8 22. Qf1 Nd7 23. Nxd7 Qxd7 24. Qe2 Re6 25. Qd1 Rg6 26. Nf3 Bd6 27. Bxd6
Qxd6 28. Nh4 Rg5 29. Nxf5 Rxf5 30. Qe2 g6 31. Re1 Rh5 32. h3 Rg5 33. Qe7 Qf4
34. Qe3 Qh4 35. Qf3 c6 36. Re8+ Kg7 37. Kh1 Rf5 38. Qg3 Qf6 39. f3 h5 40. Re5
Rxe5 41. Qxe5 Qxe5 42. dxe5 Kh6 43. f4 h4 44. g4 hxg3 45. Kg2 Kg7 46. Kxg3 f6
47. b4 b5 48. Kg4 fxe5 49. fxe5 Kf7 50. h4 Ke6 51. Kg5 Kf7 52. e6+ Kxe6 53.
Kxg6 Ke7 54. Kg7 Ke6 55. h5 d4 56. cxd4 Kd5 57. h6 Kxd4 58. h7 Kc4 59. a3 Kb3
60. h8=Q Kxa3 61. Qf8 Kb3 62. Kf6 c5 63. Qxc5 1-0

[Event "Championnat de France des Jeunes - Pupi"]
[Site "LA ROCHE SUR YON"]
[Date "2008.04.21"]
[Round "2.11"]
[White "Cohen-Solal, Leo"]
[Black "Becache, Matthias"]
[Result "1/2-1/2"]
[WhiteElo "1780"]
[BlackElo "1620"]
[Annotator "Salaun,Michel"]
[PlyCount "85"]
[EventDate "2008.04.24"]
[EventType "swiss"]
[EventRounds "6"]
[EventCountry "FRA"]

1. e4 e5 2. Nf3 Nc6 3. Nc3 Nf6 4. d4 exd4 5. Nxd4 Bb4 6. Nxc6 dxc6 7. Bd3 Be6
8. O-O Qd6 9. Re1 Ng4 10. e5 Qd4 11. Qd2 Nxe5 12. a3 Ba5 13. Re4 Qd6 14. Qg5
Bxc3 15. bxc3 Ng6 16. Bd2 h6 17. Qg4 O-O-O 18. Rxe6 fxe6 19. Qxg6 Qd5 20. c4
Qd7 21. Re1 Rde8 22. Bc3 Rhg8 23. c5 Kb8 24. Bc4 Qd8 25. Bxe6 Rgf8 26. Qxg7 Re7
27. Qxh6 Rfe8 28. h3 a6 29. Bf6 Rxe6 30. Bxd8 Rxe1+ 31. Kh2 Rxd8 32. f4 Re2 33.
f5 Rdd2 34. Qg7 Rf2 35. f6 Rd1 36. h4 Rd5 37. f7 Rdf5 38. Kh3 Rxf7 39. Qg8+ Rf8
40. Qc4 R2f4 41. Qc3 R8f5 42. g3 Rf3 43. Qb4 1/2-1/2

[Event "Championnat de France des Jeunes - Pupi"]
[Site "LA ROCHE SUR YON"]
[Date "2008.04.21"]
[Round "2.14"]
[White "Venard, Paul-Andre"]
[Black "Bayart, Jules"]
[Result "0-1"]
[WhiteElo "1630"]
[BlackElo "1740"]
[Annotator "Salaun,Michel"]
[PlyCount "78"]
[EventDate "2008.04.24"]
[EventType "swiss"]
[EventRounds "6"]
[EventCountry "FRA"]

1. e4 e6 2. Nf3 d5 3. e5 c5 4. b4 c4 5. c3 Nd7 6. d3 cxd3 7. Bxd3 Qc7 8. Bf4
Ne7 9. Qe2 Ng6 10. Bg3 Be7 11. O-O O-O 12. Re1 a5 13. Qb2 Qb6 14. a3 f5 15. Ra2
axb4 16. cxb4 Rd8 17. Nc3 Ndf8 18. h4 f4 19. Bxg6 Nxg6 20. Bh2 Nxh4 21. Nxh4
Bxh4 22. Qd2 f3 23. g3 Be7 24. Qd3 Rf8 25. Nd1 Bd7 26. Re3 Bb5 27. Qd2 Bg5 28.
Qe1 Bxe3 29. Nxe3 Rac8 30. Rc2 Rxc2 31. Nxc2 Qc7 32. Nd4 Bd7 33. Qe3 Qc4 34.
Nxf3 Bb5 35. Nd2 Qg4 36. f3 Qf5 37. g4 Qc2 38. Nf1 Qd1 39. Qf2 Rxf3 0-1

[Event "Championnat de France des Jeunes - Pupi"]
[Site "LA ROCHE SUR YON"]
[Date "2008.04.21"]
[Round "2.12"]
[White "Viennot, Dylan"]
[Black "Quinqueneau, Dylan"]
[Result "1-0"]
[WhiteElo "1774"]
[BlackElo "1620"]
[Annotator "Salaun,Michel"]
[PlyCount "51"]
[EventDate "2008.04.24"]
[EventType "swiss"]
[EventRounds "6"]
[EventCountry "FRA"]

1. e4 e5 2. Nf3 Nc6 3. Bb5 a6 4. Ba4 Nf6 5. d3 d6 6. Nc3 b5 7. Bb3 Bg4 8. Be3
g6 9. a4 b4 10. Nd5 a5 11. h3 Be6 12. Bg5 Bg7 13. Qd2 O-O 14. h4 h5 15. O-O-O
Nd4 16. Nxd4 exd4 17. Rdg1 c6 18. Nxf6+ Bxf6 19. Bh6 Bg7 20. Bxg7 Kxg7 21. Bxe6
fxe6 22. g4 hxg4 23. Rxg4 Rf6 24. h5 Qe8 25. hxg6 Qg8 26. Qh6# 1-0

[Event "Championnat de France des Jeunes - Pupi"]
[Site "LA ROCHE SUR YON"]
[Date "2008.04.20"]
[Round "1.13"]
[White "Eid, Amine"]
[Black "Bandet, Raphael"]
[Result "1/2-1/2"]
[WhiteElo "1797"]
[BlackElo "1530"]
[Annotator "Salaun,Michel"]
[PlyCount "228"]
[EventDate "2008.04.24"]
[EventType "swiss"]
[EventRounds "6"]
[EventCountry "FRA"]

1. e4 e5 2. Nc3 Nf6 3. Bc4 Nxe4 4. Qh5 Ng5 5. d3 Ne6 6. Qxe5 Nc6 7. Qe2 Bc5 8.
Nf3 d6 9. O-O O-O 10. Qd1 Re8 11. a3 Bd7 12. Na4 Bb6 13. Nxb6 axb6 14. c3 Qf6
15. Ne1 Qg6 16. d4 Ne7 17. Bd3 Qf6 18. f4 Rad8 19. f5 Nf8 20. g4 h6 21. Nf3 Nh7
22. h4 g5 23. hxg5 Nxg5 24. Nxg5 hxg5 25. Qd2 Kg7 26. Qxg5+ Qxg5 27. Bxg5 f6
28. Bd2 Rg8 29. Kf2 Kf7 30. Rg1 Rg7 31. Rae1 Rdg8 32. Kf3 Bc6+ 33. Be4 Bxe4+
34. Rxe4 Nxf5 35. Rh1 Ne7 36. Rh5 Ng6 37. c4 Nf8 38. d5 Nd7 39. Bc3 Rg5 40. Rh1
Ne5+ 41. Bxe5 Rxe5 42. Rxe5 fxe5 43. Rh4 Kg6 44. Ke4 Rf8 45. b4 Rf4+ 46. Kd3
Rf3+ 47. Kc2 Rxa3 48. Rh8 c5 49. Rd8 cxb4 50. Rxd6+ Kf7 51. Rxb6 Rc3+ 52. Kb2
Rxc4 53. Rxb7+ Ke8 54. g5 Rg4 55. Kb3 Rxg5 56. Kxb4 Rg1 57. Kc5 Rg6 58. d6 e4
59. Re7+ Kd8 60. Kc6 e3 61. Ra7 Ke8 62. Re7+ Kd8 63. Rd7+ Kc8 64. Ra7 Kb8 65.
Re7 e2 66. Rxe2 Rg1 67. Re8+ Ka7 68. Re5 Rc1+ 69. Kd7 Rd1 70. Re7 Kb7 71. Ke6+
Kc8 72. Re8+ Kb7 73. Kd7 Rd2 74. Re6 Rd1 75. Re7 Rh1 76. Kd8+ Kc6 77. d7 Rh8+
78. Re8 Rh7 79. Kc8 Rxd7 80. Re6+ Rd6 81. Re1 Rh6 82. Rc1+ Kb6 83. Kd7 Rh7+ 84.
Ke6 Rh6+ 85. Kd7 Rh7+ 86. Ke6 Rh6+ 87. Kf5 Rh5+ 88. Kg6 Rc5 89. Rf1 Rc6+ 90.
Kf7 Rc7+ 91. Ke6 Rc6+ 92. Kd7 Rc7+ 93. Kd8 Rc5 94. Kd7 Rc7+ 95. Kd6 Rc6+ 96.
Kd5 Rc5+ 97. Kd4 Rc6 98. Rf5 Rd6+ 99. Kc4 Rc6+ 100. Kb4 Kb7 101. Ka5 Ra6+ 102.
Kb5 Rb6+ 103. Kc5 Rc6+ 104. Kd5 Kb6 105. Rf3 Rc5+ 106. Kd4 Rc6 107. Rb3+ Kc7
108. Kd5 Rd6+ 109. Ke5 Rc6 110. Rh3 Kb6 111. Kd5 Rc5+ 112. Kd6 Rc6+ 113. Kd7
Rc7+ 114. Kd8 Rc5 1/2-1/2

[Event "Championnat de France des Jeunes - Pupi"]
[Site "LA ROCHE SUR YON"]
[Date "2008.04.21"]
[Round "1.12"]
[White "Hug, Timothee"]
[Black "Jeannesson, Etienne"]
[Result "0-1"]
[WhiteElo "1550"]
[BlackElo "1810"]
[Annotator "Salaun,Michel"]
[PlyCount "144"]
[EventDate "2008.04.24"]
[EventType "swiss"]
[EventRounds "6"]
[EventCountry "FRA"]

1. e4 c5 2. Nf3 g6 3. c3 d5 4. Bb5+ Bd7 5. Bxd7+ Qxd7 6. exd5 Qxd5 7. O-O Bg7
8. Re1 Nc6 9. Na3 a6 10. Qe2 Rd8 11. Qe4 Nh6 12. Nc4 b5 13. Nce5 Nxe5 14. Nxe5
Qxe4 15. Rxe4 f5 16. Re2 Nf7 17. Nc6 Rd7 18. b3 e5 19. a4 O-O 20. axb5 axb5 21.
Ra6 Rc8 22. Ba3 Rdc7 23. Na5 b4 24. Bb2 e4 25. Nc4 bxc3 26. Bxc3 Bxc3 27. dxc3
Rb7 28. Rb2 Rcb8 29. Nd2 Ne5 30. Ra5 Nd3 31. Rb1 Rd7 32. Nc4 Rdb7 33. Nd2 Rb5
34. Rxb5 Rxb5 35. Kf1 Ra5 36. g3 Ra2 37. Ke2 Nxf2 38. b4 cxb4 39. cxb4 Nd3 40.
Ke3 Kf7 41. b5 Nc5 42. b6 Nb7 43. Rc1 Ke6 44. Rc7 Nd6 45. Rxh7 Rb2 46. b7 Nxb7
47. h4 Nd6 48. h5 gxh5 49. Rxh5 Nf7 50. Rh4 Ra2 51. Rf4 Ra3+ 52. Ke2 Rxg3 53.
Nxe4 fxe4 54. Rxe4+ Kf5 55. Re3 Rg4 56. Rf3+ Kg6 57. Kf2 Ra4 58. Rg3+ Ng5 59.
Ke3 Kf5 60. Rg2 Rb4 61. Rf2+ Ke5 62. Ke2 Rb3 63. Ke1 Ne4 64. Rc2 Kf4 65. Ke2
Re3+ 66. Kf1 Kf3 67. Kg1 Ng3 68. Rf2+ Kg4 69. Rg2 Rf3 70. Rf2 Ra3 71. Rg2 Ra1+
72. Kh2 Rh1# 0-1

[Event "Championnat de France des Jeunes - Pupi"]
[Site "LA ROCHE SUR YON"]
[Date "2008.04.21"]
[Round "2.15"]
[White "Rouffignac, Tanguy"]
[Black "Crouzet, Emeric"]
[Result "1-0"]
[WhiteElo "1626"]
[BlackElo "1730"]
[Annotator "Salaun,Michel"]
[PlyCount "89"]
[EventDate "2008.04.24"]
[EventType "swiss"]
[EventRounds "6"]
[EventCountry "FRA"]

1. e4 e5 2. Nf3 Nc6 3. Bb5 a6 4. Ba4 b5 5. Bb3 d6 6. Nc3 Na5 7. d4 Bg4 8. dxe5
Nxb3 9. axb3 Bxf3 10. Qxf3 dxe5 11. O-O Qf6 12. Qxf6 Nxf6 13. Nxb5 Kd7 14. Nc3
Bb4 15. f3 c6 16. Be3 Kc7 17. Na4 Rab8 18. Nc5 Bxc5 19. Bxc5 Nd7 20. Be3 Ra8
21. Ra5 h6 22. Rfa1 Kb7 23. Rd1 Rhd8 24. Kf2 Rac8 25. Ke2 f6 26. c4 g5 27. b4
Nb6 28. Rc1 Rd7 29. b5 cxb5 30. cxb5 Rxc1 31. bxa6+ Ka7 32. Bxc1 Rc7 33. Ra1
Nc4 34. b4 Nb6 35. Be3 Rd7 36. b5 h5 37. Bxb6+ Kxb6 38. a7 Rxa7 39. Rxa7 Kxa7
40. Kd3 Kb6 41. Kc4 Kc7 42. Kc5 Kb7 43. b6 Kc8 44. Kd6 Kd8 45. b7 1-0

[Event "Championnat de France des Jeunes - Pupi"]
[Site "LA ROCHE SUR YON"]
[Date "2008.04.20"]
[Round "1.11"]
[White "Balagny-Carbuccia, Nicolas"]
[Black "Viers, Matthieu"]
[Result "1-0"]
[WhiteElo "1810"]
[BlackElo "1570"]
[Annotator "Salaun,Michel"]
[PlyCount "77"]
[EventDate "2008.04.24"]
[EventType "swiss"]
[EventRounds "6"]
[EventCountry "FRA"]

1. e4 g6 2. c4 Bg7 3. Nc3 d6 4. g3 Nf6 5. Bg2 O-O 6. Nge2 Nbd7 7. O-O Ne5 8. d3
Bg4 9. f3 Bh5 10. g4 Bxg4 11. fxg4 Nexg4 12. Nf4 e6 13. h3 Ne5 14. Kh1 Nfd7 15.
Qe2 c5 16. Bd2 Qb6 17. Rab1 Nf6 18. Qe3 Nfd7 19. a3 Rfe8 20. Na4 Qc7 21. Nc3
Nc6 22. Nb5 Qb8 23. Bc3 a6 24. Bxg7 axb5 25. cxb5 Nd4 26. Bxd4 cxd4 27. Qf2 Nc5
28. b4 Nd7 29. Nxe6 Ne5 30. Nf4 Rxa3 31. Qxd4 Qc7 32. Nd5 Qc2 33. Nf6+ Kf8 34.
Qxd6+ Re7 35. Nd5 Ra2 36. Qxe7+ Kg7 37. Qxe5+ Kh6 38. Ne3 Qxd3 39. Ng4# 1-0

[Event "Championnat de France des Jeunes - Pupi"]
[Site "LA ROCHE SUR YON"]
[Date "2008.04.20"]
[Round "1.14"]
[White "Macon, Arthur"]
[Black "Cohen-Solal, Leo"]
[Result "0-1"]
[WhiteElo "1530"]
[BlackElo "1780"]
[Annotator "Salaun,Michel"]
[PlyCount "62"]
[EventDate "2008.04.24"]
[EventType "swiss"]
[EventRounds "6"]
[EventCountry "FRA"]

1. d4 d5 2. c4 e6 3. g3 dxc4 4. Bg2 c6 5. Nf3 b5 6. Ne5 Bb7 7. a4 a6 8. O-O Nf6
9. Nc3 Nd5 10. Ne4 Be7 11. b3 c3 12. Qc2 b4 13. a5 O-O 14. Nd3 Nd7 15. f4 N7f6
16. Nec5 Rb8 17. e4 Nc7 18. Be3 Nb5 19. Nxb7 Rxb7 20. Nc5 Nxd4 21. Nxb7 Nxc2
22. Nxd8 Bxd8 23. Bc5 Nxa1 24. Bxf8 Nxb3 25. Bxb4 c2 26. e5 Ng4 27. Ba3 Bxa5
28. Bc1 Bb6+ 29. Kh1 Nf2+ 30. Kg1 Nxc1 31. Rxc1 Nd3+ 0-1

[Event "Championnat de France des Jeunes - Pupi"]
[Site "LA ROCHE SUR YON"]
[Date "2008.04.20"]
[Round "1.15"]
[White "Le Pen, Steven"]
[Black "Leveque, Guillaume"]
[Result "1/2-1/2"]
[WhiteElo "1774"]
[BlackElo "1521"]
[Annotator "Salaun,Michel"]
[PlyCount "84"]
[EventDate "2008.04.24"]
[EventType "swiss"]
[EventRounds "6"]
[EventCountry "FRA"]

1. e4 c5 2. Nf3 Nc6 3. d4 cxd4 4. Nxd4 d6 5. Be3 g6 6. Bc4 Bg7 7. O-O Nf6 8. f3
O-O 9. Nd2 Bd7 10. N2b3 Rc8 11. Be2 a6 12. c3 Ne5 13. Nd2 b5 14. Qb3 Bc6 15.
Nxc6 Rxc6 16. a4 Nc4 17. Nxc4 bxc4 18. Bxc4 Qb8 19. Bxf7+ Kh8 20. Qxb8 Rxb8 21.
Rab1 Nd7 22. Bd5 Rc7 23. Rfc1 Ne5 24. Bd4 Nd3 25. Bxg7+ Kxg7 26. Rc2 Nb4 27.
Rcc1 Nd3 28. Rc2 Nb4 29. Rd2 Nxd5 30. exd5 Rxc3 31. bxc3 Rxb1+ 32. Kf2 Ra1 33.
Rd4 Rc1 34. Rd3 Ra1 35. Rd4 Rc1 36. Rc4 Rd1 37. Rd4 Rc1 38. Rc4 Rd1 39. Rc7 Kf6
40. Ra7 Rxd5 41. Rxa6 Rc5 42. Ra8 Rxc3 1/2-1/2

[Event "Championnat de France des Jeunes - Pupi"]
[Site "LA ROCHE SUR YON"]
[Date "2008.04.21"]
[Round "3.11"]
[White "Becache, Matthias"]
[Black "Kirk, Ezra"]
[Result "1-0"]
[WhiteElo "1620"]
[BlackElo "1823"]
[Annotator "Salaun,Michel"]
[PlyCount "59"]
[EventDate "2008.04.24"]
[EventType "swiss"]
[EventRounds "6"]
[EventCountry "FRA"]

1. e4 c5 2. Nf3 Nc6 3. d4 cxd4 4. Nxd4 g6 5. Nc3 Bg7 6. Be3 Nf6 7. f3 O-O 8. g4
Qb6 9. Na4 Qa5+ 10. c3 d6 11. h4 Bd7 12. b4 Nxb4 13. cxb4 Qxb4+ 14. Kf2 Bxa4
15. Rb1 Qa5 16. Nb3 Bxb3 17. Qxb3 Rab8 18. Bc4 Nd7 19. h5 Ne5 20. Be2 Nc6 21.
hxg6 hxg6 22. Rbd1 Qb4 23. Qd5 Qa5 24. Qb3 Qc7 25. Bh6 a6 26. Bxg7 Kxg7 27.
Qc3+ e5 28. Qd2 Qb6+ 29. Kg2 Qd4 30. Qh6+ 1-0

[Event "Championnat de France des Jeunes - Pupi"]
[Site "LA ROCHE SUR YON"]
[Date "2008.04.21"]
[Round "3.12"]
[White "Eid, Amine"]
[Black "Bourgeois, Florian"]
[Result "1-0"]
[WhiteElo "1797"]
[BlackElo "1733"]
[Annotator "Salaun,Michel"]
[PlyCount "101"]
[EventDate "2008.04.24"]
[EventType "swiss"]
[EventRounds "6"]
[EventCountry "FRA"]

1. e4 e6 2. d4 d5 3. e5 c5 4. c3 Nc6 5. Nf3 Qb6 6. a3 cxd4 7. cxd4 Nge7 8. b4
Nf5 9. Be3 Bd7 10. Nc3 a6 11. Na4 Qa7 12. Nc5 Bxc5 13. bxc5 b6 14. Rc1 Rc8 15.
g4 Nxe3 16. fxe3 Ne7 17. cxb6 Qxb6 18. Rxc8+ Nxc8 19. Qc1 Qa5+ 20. Nd2 Ne7 21.
Bd3 Bb5 22. Bxb5+ Qxb5 23. Qc7 Qc6 24. Qxc6+ Nxc6 25. Ke2 Kd7 26. Nb3 a5 27.
Nc5+ Ke7 28. Rb1 Rb8 29. Rxb8 Nxb8 30. Kd3 Nc6 31. Kc3 Kd8 32. Kb3 h6 33. Ka4
Kc7 34. Kb5 g6 35. Nb3 a4 36. Kxa4 Kb6 37. h4 g5 38. hxg5 hxg5 39. Nd2 Na5 40.
Kb4 Nc6+ 41. Kb3 Na5+ 42. Kc3 Kc7 43. a4 Kd7 44. e4 Nc6 45. exd5 exd5 46. Nf3
Ke7 47. Nxg5 f6 48. Nf3 Ke6 49. exf6 Kxf6 50. Ne5 Nd8 51. a5 1-0

[Event "Championnat de France des Jeunes - Pupi"]
[Site "LA ROCHE SUR YON"]
[Date "2008.04.21"]
[Round "3.13"]
[White "Noireaut, Hung"]
[Black "Cohen-Solal, Leo"]
[Result "1-0"]
[WhiteElo "1730"]
[BlackElo "1780"]
[Annotator "Salaun,Michel"]
[PlyCount "65"]
[EventDate "2008.04.24"]
[EventType "swiss"]
[EventRounds "6"]
[EventCountry "FRA"]

1. e4 c5 2. Nc3 Nc6 3. g3 e6 4. Bg2 Nge7 5. d3 g6 6. Bf4 e5 7. Be3 d6 8. Qd2 h6
9. Nge2 f5 10. f4 Bg7 11. fxe5 Nxe5 12. h3 Be6 13. Nf4 Bf7 14. d4 Nc4 15. Qe2
Nxe3 16. d5 Nxg2+ 17. Qxg2 Qa5 18. Qd2 fxe4 19. Nxe4 Qxd2+ 20. Kxd2 Kd7 21. c4
g5 22. Nd3 Bg6 23. Rae1 Nf5 24. Rhf1 Rhf8 25. g4 Nd4 26. Ndxc5+ dxc5 27. Nxc5+
Kc7 28. Re7+ Kd6 29. Rxg7 Kxc5 30. Rxf8 Rxf8 31. Rxg6 Nf3+ 32. Kc3 Ne5 33. b4#
1-0

[Event "Championnat de France des Jeunes - Pupi"]
[Site "LA ROCHE SUR YON"]
[Date "2008.04.22"]
[Round "4.11"]
[White "Gautier, Clement"]
[Black "Beau, Pierre"]
[Result "1-0"]
[WhiteElo "1811"]
[BlackElo "1640"]
[Annotator "Salaun,Michel"]
[PlyCount "119"]
[EventDate "2008.04.24"]
[EventType "swiss"]
[EventRounds "6"]
[EventCountry "FRA"]

1. e4 e6 2. d4 d5 3. e5 c5 4. c3 Nc6 5. Nf3 Qb6 6. Bd3 Bd7 7. dxc5 Bxc5 8. O-O
Qc7 9. Bf4 Nge7 10. b4 Bb6 11. Bg3 Ng6 12. Re1 O-O 13. a4 a6 14. h4 h6 15. Qc2
Nge7 16. Na3 Nf5 17. Bxf5 exf5 18. Bf4 Be6 19. b5 Na7 20. bxa6 bxa6 21. Nd4
Rfc8 22. Rec1 Nc6 23. Nxf5 f6 24. Nd6 fxe5 25. Nxc8 exf4 26. Nxb6 Qxb6 27. Rab1
Qd8 28. Qg6 Qd7 29. Rb6 Rf8 30. Rxa6 Rf6 31. Ra8+ Nd8 32. Qd3 f3 33. g3 Bh3 34.
c4 d4 35. Qe4 Be6 36. Rd1 Rf8 37. Rxd4 Qe7 38. Rdxd8 Rxd8 39. Rxd8+ Qxd8 40.
Qxe6+ Kh8 41. Qd5 Qf6 42. Nc2 Qc3 43. Ne3 Qe1+ 44. Nf1 Qc3 45. c5 Qa5 46. Qxf3
Qxc5 47. Qa8+ Kh7 48. a5 g5 49. hxg5 Qxg5 50. a6 h5 51. a7 h4 52. Qb7+ Kh6 53.
a8=Q hxg3 54. Qaa6+ Kh5 55. Qbb5 g2 56. Qxg5+ Kxg5 57. Kxg2 Kg4 58. Qf6 Kh5 59.
Ng3+ Kg4 60. f3# 1-0

[Event "Championnat de France des Jeunes - Pupi"]
[Site "LA ROCHE SUR YON"]
[Date "2008.04.22"]
[Round "4.12"]
[White "Venard, Paul-Andre"]
[Black "Jeannesson, Etienne"]
[Result "0-1"]
[WhiteElo "1630"]
[BlackElo "1810"]
[Annotator "Salaun,Michel"]
[PlyCount "84"]
[EventDate "2008.04.24"]
[EventType "swiss"]
[EventRounds "6"]
[EventCountry "FRA"]

1. e4 c5 2. Nf3 g6 3. d4 cxd4 4. Qxd4 Nf6 5. Bb5 a6 6. e5 Nh5 7. e6 Bg7 8.
exf7+ Kf8 9. Bh6 axb5 10. g4 Nc6 11. Bxg7+ Nxg7 12. Qd2 Ne6 13. O-O Kxf7 14.
Nc3 b4 15. Ne4 Kg7 16. c3 d5 17. Ng3 Rf8 18. Kg2 Nf4+ 19. Kh1 Bxg4 20. Nd4 e5
21. f3 Bh3 22. Nxc6 bxc6 23. Rfe1 Qb6 24. Qe3 Qxe3 25. Rxe3 bxc3 26. Rxc3 Rac8
27. Rac1 d4 28. Rxc6 Rxc6 29. Rxc6 Bg2+ 30. Kg1 Bxf3 31. Rc7+ Rf7 32. Rxf7+
Kxf7 33. Kf2 d3 34. Nf1 Bd5 35. a4 e4 36. a5 Ne6 37. b4 Nd4 38. Ke3 Nc2+ 39.
Kd2 Nxb4 40. Ne3 Bb7 41. Kc3 Nc6 42. Kd2 Nxa5 0-1

[Event "Championnat de France des Jeunes - Pupi"]
[Site "LA ROCHE SUR YON"]
[Date "2008.04.21"]
[Round "3.14"]
[White "Grundman, Anatole"]
[Black "Hyjazi, Theo"]
[Result "1-0"]
[WhiteElo "1764"]
[BlackElo "1620"]
[Annotator "Salaun,Michel"]
[PlyCount "63"]
[EventDate "2008.04.24"]
[EventType "swiss"]
[EventRounds "6"]
[EventCountry "FRA"]

1. d4 d6 2. c4 e5 3. dxe5 dxe5 4. Qxd8+ Kxd8 5. Nc3 c6 6. e4 a5 7. Be3 Na6 8.
Bb6+ Nc7 9. O-O-O+ Bd7 10. Nf3 f6 11. Na4 Kc8 12. Be3 Ra6 13. Nb6+ Rxb6 14.
Bxb6 Ne6 15. Bxa5 Bc5 16. Rd2 Nh6 17. h3 Nf7 18. Bc3 Nd6 19. Bd3 Nf4 20. Rhd1
Be6 21. b4 Nxd3+ 22. Rxd3 Nxe4 23. bxc5 Nxf2 24. Ba5 Nxd3+ 25. Rxd3 Bxc4 26.
Rd2 Re8 27. Nh4 e4 28. Nf5 e3 29. Nxe3 Be6 30. g4 g6 31. a3 Bd7 32. Nc4 1-0